书目信息 |
| 题名: |
电网设备金属监督检测题集
|
|
| 作者: | 郭锋 , 宣晓华 主编 ;国网浙江省电力公司 编 | |
| 分册: | ||
| 出版信息: | 北京 中国电力出版社 2018.12 |
|
| 页数: | 183页 | |
| 开本: | 26cm | |
| 丛书名: | ||
| 单 册: | ||
| 中图分类: | TM241-44 | |
| 科图分类: | ||
| 主题词: | 电网--dian wang--电力设备--金属材料--质量监督--习题集 , 电网--dian wang--电力设备--金属材料--质量检查--习题集 | |
| 电子资源: | ||
| ISBN: | 978-7-5198-2642-0 | |
| 000 | 01266nam0 2200277 450 | |
| 001 | 202019133658 | |
| 005 | 20190921113345.0 | |
| 010 | @a978-7-5198-2642-0@dCNY49.00 | |
| 100 | @a20190918d2018 em y0chiy50 ea | |
| 101 | 0 | @achi |
| 102 | @aCN@b110000 | |
| 105 | @aak q 000yy | |
| 106 | @ar | |
| 200 | 1 | @a电网设备金属监督检测题集@Adian wang she bei jin shu jian du jian ce ti ji@f国网浙江省电力有限公司编 |
| 210 | @a北京@c中国电力出版社@d2018.12 | |
| 215 | @a183页@c图@d26cm | |
| 314 | @a书内题: 郭锋, 宣晓华主编 | |
| 330 | @a本题库设置是非题、单项选择题、多项选择题、简答题、综合题共计5类题型, 并按照题目类型将题库分为材料学、材料成型、超声波检测、射线检测、表面检测、镀层检测、光谱分析、模拟试卷8个章节编写。为了方便金属技术监督专业人员学习和检索, 题库采用科学规范的体系对题目进行排序, 客观题尽可能包括下述全部知识点, 主观题包括缺陷诊断重要和复杂的知识点。 | |
| 606 | 0 | @a电网@Adian wang@x电力设备@x金属材料@x质量监督@j习题集 |
| 606 | 0 | @a电网@Adian wang@x电力设备@x金属材料@x质量检查@j习题集 |
| 690 | @aTM241-44@v5 | |
| 701 | 0 | @a郭锋@Aguo feng@4主编 |
| 701 | 0 | @a宣晓华@Axuan xiao hua@4主编 |
| 712 | 02 | @a国网浙江省电力公司@Aguo wang zhe jiang sheng dian li gong si@4编 |
| 801 | 0 | @aCN@c20190905 |
| 905 | @a河南城建学院图书馆@dTM241-44@eG792 | |
| 电网设备金属监督检测题集/国网浙江省电力有限公司编.-北京:中国电力出版社,2018.12 |
| 183页:图;26cm |
| ISBN 978-7-5198-2642-0:CNY49.00 |
| 本题库设置是非题、单项选择题、多项选择题、简答题、综合题共计5类题型, 并按照题目类型将题库分为材料学、材料成型、超声波检测、射线检测、表面检测、镀层检测、光谱分析、模拟试卷8个章节编写。为了方便金属技术监督专业人员学习和检索, 题库采用科学规范的体系对题目进行排序, 客观题尽可能包括下述全部知识点, 主观题包括缺陷诊断重要和复杂的知识点。 |
| ● |
| 相关链接 |
|
|
|
正题名:电网设备金属监督检测题集
索取号:TM241-44/G792
 
预约/预借
| 序号 | 登录号 | 条形码 | 馆藏地/架位号 | 状态 | 备注 |
| 1 | 1441010 | 214410109 | 自科库301/301自科库 10排1列3层/ [索取号:TM241-44/G792] | 在馆 | |
| 2 | 1441011 | 214410118 | 自科二线404/301自科库 7排2列2层/ [索取号:TM241-44/G792] | 在馆 | |
| 3 | 1441012 | 214410127 | 自科二线404/301自科库 7排2列2层/ [索取号:TM241-44/G792] | 在馆 | |
| 4 | 1441013 | 214410136 | 自科库301/301自科库 10排1列3层/ [索取号:TM241-44/G792] | 在馆 |